| 000 -LEADER |
| fixed length control field |
00917nam a2200205Ia 4500 |
| 001 - CONTROL NUMBER |
| control field |
3300 |
| 003 - CONTROL NUMBER IDENTIFIER |
| control field |
GE_BSU |
| 008 - FIXED-LENGTH DATA ELEMENTS--GENERAL INFORMATION |
| fixed length control field |
181216s||||||||xx |||||||||||||| ||und|| |
| 040 ## - CATALOGING SOURCE |
| Transcribing agency |
GE_BSU |
| 080 ## - UNIVERSAL DECIMAL CLASSIFICATION NUMBER |
| Universal Decimal Classification number |
658.58(035) |
| 245 ## - TITLE STATEMENT |
| Title |
Справочник механика машиностроительного завода в двух томах. Том 1. Организация и конструкторская подготовка ремонтных работ. |
| 245 ## - TITLE STATEMENT |
| Statement of responsibility, etc. |
Под ред. Ю.С.Борисова. Р.А.Носкина. Ред. Р.А.Носкин. |
| 250 ## - EDITION STATEMENT |
| Edition statement |
Изд. второе, переработанное и дополненное. |
| 260 ## - PUBLICATION, DISTRIBUTION, ETC. |
| Place of publication, distribution, etc. |
М. |
| 260 ## - PUBLICATION, DISTRIBUTION, ETC. |
| Name of publisher, distributor, etc. |
Машиностроение. |
| 260 ## - PUBLICATION, DISTRIBUTION, ETC. |
| Date of publication, distribution, etc. |
1971. |
| 300 ## - PHYSICAL DESCRIPTION |
| Extent |
622 стр. 22 см. |
| 653 ## - INDEX TERM--UNCONTROLLED |
| Uncontrolled term |
Справочник механика машиностроительного завода в двух томах. |
| 942 ## - ADDED ENTRY ELEMENTS (KOHA) |
| Koha item type |
წიგნი |